| 000 | 01062nam a22003377a 4500 | ||
|---|---|---|---|
| 001 | 0074 | ||
| 003 | DO-SdBPM | ||
| 005 | 20250701114929.0 | ||
| 007 | ta | ||
| 008 | 150930b2009 ck | 00| 0 spa d | ||
| 020 | _a9789972209727 | ||
| 040 |
_aDO-SdBPM _bspa _cBPMSU _erda |
||
| 082 | 4 |
_a428.07 _bR925d 2009 _222 |
|
| 210 | _2 | ||
| 245 | 0 | 0 |
_aRuffus Discovery : _bMatm, World, animals, science, words / _c ilustración Sergio Orduz ... [y otrosl.]. |
| 246 | 1 | 4 |
_a _b |
| 260 |
_aBarcelona : _bLexus Editores, _c2007 |
||
| 264 |
_aLima, Perú : _bLexus Editores, _c2009 |
||
| 300 |
_a240 págians . : _bilustraciones ; _c28 cm. |
||
| 336 |
_atexto _btxt _2rdacontent |
||
| 337 |
_asin mediación _bn _2rdamedia |
||
| 338 |
_avolumen _bnc _2rdacarrier |
||
| 490 | 0 | _aRuffus dicovery | |
| 590 | _aInventariado, 2025/VM | ||
| 650 | 7 |
_aEnseñanza del inglés _x _x |
|
| 650 | 7 |
_a Inglés _xPalabras y frases. _x |
|
| 700 | 1 |
_aOrduz, Sergio, _eilustraciones |
|
| 710 | 2 | _3Lexus Editores | |
| 910 | _aVMateo V. Control de calidad. BPMSU | ||
| 942 |
_2ddc _cBK |
||
| 999 |
_c15239 _d15239 |
||